| 000 | 00484nam a22001697a 4500 | ||
|---|---|---|---|
| 003 | NUST - PNEC | ||
| 005 | 20170116181000.0 | ||
| 008 | 150912b xxu||||| |||| 00| 0 eng d | ||
| 020 | _a0824775740 | ||
| 040 | _cLIBRARY | ||
| 082 | _a621.381740681 HED | ||
| 100 |
_99474 _aHedden, Robert P. |
||
| 245 |
_aCost engineering in printed circuit board manufacturing _cRobert P. Hedden |
||
| 260 | _cc.1987 | ||
| 650 |
_99477 _aPrinted circuits industry--Costs _xEE, EL |
||
| 942 |
_2ddc _cBK |
||
| 999 |
_c66678 _d66678 |
||